Spanish Adjectives - Statistics

General Stats
  • This quiz has been taken 45 times
  • The average score is 19 of 26
Answer Stats
Hint Answer % Correct
Pequeño Small
100%
Rico Rich
97%
Joven Young
97%
Gordo Fat
93%
Favorito Favorite
93%
Fuerte Strong
93%
Dulce Sweet
93%
Lindo Nice
90%
Viejo Old
90%
Bonito Pretty
90%
Feo Ugly
90%
Caro Expensive
80%
Duro Hard
80%
Pobre Poor
80%
Listo Ready
80%
Barato Cheap
77%
Peligroso Dangerous
73%
Delgado Thin
73%
Vacio Empty
70%
Lento Slow
70%
Sucio Dirty
60%
Tonto Silly
43%
Apretado Tight
23%
Agrio Sour
20%
Podrido Rotten
17%
Tierno Tender
17%
No matching quizzes found
Score Distribution
Percent of People with Each Score
Percentile by Number Answered
Your Score History
You have not taken this quiz